000 01539nam a2200313 i 4500
003 EG-GICUC
005 20260216212304.0
008 260216s1969 ua |||fr|||| 00| 0 ara d
040 _a EG-GICUC
_bara
_c EG-GICUC
_d EG-GICUC
_erda
041 0 _aAra
082 0 4 _221
_a343.38
_bأ ح . م
092 0 4 _221
099 _aLaw1 10 343.38 أ ح. م 1969
100 0 _aأحمد سمير أبو شادى
_eمؤلف.
245 1 0 _aمجموعة المبادئ القانونية التى قررتها محكمة النقض :
_bالدائرة الجنائية والهيئة العامة للمواد الجنائية فى عشر سنوات يناير سنة 1956 يناير 1966 معلقا عليها بأحكام النقض منذ نشأتها والنصوص التشريعية.
_nالجزء الثالث /
_cتأليف المستشار أحمد سمير أبو شادى.
264 1 _aالقاهرة :
_bدار الكاتب العربى،
_c1969.
300 _a1369-1983 ؛صفحة
_c24 سم.
336 _2rda content
_atext
337 _2rda media
_aComputer
338 _2rda carrier
_aOnline Resource
505 _aالجزء الثالث يشتمل على من ر إلى ك من قاعدة 3051 إلى 4211 من صفحة 1369 إلى 1984
546 _aالنص باللغة العربية
650 1 _aالأحكام الجنائية
_2qrmak
650 1 _aالقانون الجنائى
_2qrmak
651 1 _2qrmak
856 4 0 _uhttps://fll.law.cu.edu.eg/fulltext/bks/B10-08850.pdf
905 _a54
942 _2ddc
_cBK
_e21
_n0
999 _c63224
_d63224